| 000 | 00628nam a2200241 i 4500 | ||
|---|---|---|---|
| 001 | bg | ||
| 100 | 1 | _aFARMER, Ann K. | |
| 245 | 1 | 0 |
_aA linguistics workbook / _cAnn K. Farmer, Richard A. Demers. |
| 250 | _a4th ed. | ||
| 260 |
_aCambridge : _bMIT Press, _c2001. |
||
| 300 |
_a280 s. : _bil. ; _c28 cm. |
||
| 650 | 9 | _aJęzykoznawstwo | |
| 650 | 9 |
_aJęzyk angielski _xnauczanie |
|
| 655 | _aPodręczniki | ||
| 700 | 1 | _aDEMERS, Richard A. | |
| 020 | _a0262561433 | ||
| 040 | _cBPK | ||
| 041 | 0 | _aen | |
| 080 | _a81:811.111](07) | ||
| 920 | _a0-262-56143-3 | ||
| 942 | _cKS | ||
| 008 | s pl f |000 0 pol | ||
| 999 |
_c40519 _d40519 |
||
| 856 |
_uhttp://koha.tu.koszalin.pl/cgi-bin/koha/opac-detail.pl?biblionumber=40519 _yKatalog online BPK |
||